MDQL
is popping MORE tags! Check the
thread
!
Quizzes
Events
Quiz Creation
Community
Videos
Private Events
Remove Ads
Sign In
Join for FREE
Feedback
Dark Mode
Quiz Categories
Sports
Geography
Music
Movies
Television
Just For Fun
Miscellaneous
History
Literature
Language
Science
Gaming
Entertainment
Religion
Holiday
For Kids
Quiz Lab
Recent
Popular Today
Quiz Kudos Today
Editor Picks
Curator Picks
Quizzes by...
Day
Popularity
Type
Ratings
Length
Year
Community
Subscriptions
Recent Discussions
Orange Saloon
Badges
Playlists
Quests
Create
Leaderboards
Showdown
Live 5
Trivia Bingo
Activity
Puzzle Library
Sporcle Events
Private Events
Virtual Trivia
Globe League
Become a Host
Pub Owners
SporcleCon
Opinionation
Our Games
Videos
Blog
Mobile Apps
Partnerships
Remove Ads and Go Orange
Feedback
Sports
Athletes
MLB
NBA
NHL
NFL
Soccer
Sports Teams
WWE
NCAA
Football
Premier League
Basketball
Baseball
Hockey
Golf
Tennis
Cricket
Rugby
Auto Racing
Olympics
World Cup
Sports
Athletes
MLB
NBA
NHL
NFL
Soccer
Sports Teams
WWE
NCAA
Football
Premier League
Basketball
Baseball
Hockey
Golf
Tennis
Cricket
Rugby
Auto Racing
Olympics
World Cup
Random Quiz
Search Sporcle
×
Quiz Lab
Quiz Lab
Sports
NBA
Type in answers that appear in a list
Type in answers that appear in a list
Classic
Best Score? Go Orange.
Who Drafted These NBA Players Stats
Can you name the Who Drafted These NBA Players?
By
keaton_reinke
20m
100 Questions
46 Plays
46 Plays
46 Plays
Comments
Comments
Give Quiz Kudos
Give Quiz Kudos
-
- Ratings
hide this ad
Forced Order
Answers have to be entered in order
Answers have to be entered in order
Replay
Link that replays current quiz
Next Quiz
Link to next quiz in quiz playlist
You Got
0%
They Got
Avg Score
75%
Avg Friend Score
Upgrade to see
Score Distribution
Jump to the score distribution portion of the page
Score
0/100
Timer
20:00
0
Plays Today
Hint
Answer
% Correct
Lebron James
Cleveland Cavaliers
100%
Giannis Antetokounmpo
Milwaukee Bucks
100%
Stephen Curry
Golden State Warriors
97.8%
James Harden
Oklahoma City Thunder
97.8%
Anthony Davis
New Orleans Pelicans
97.8%
Nikola Jokic
Denver Nuggets
97.8%
Paul George
Inidana Pacers
97.8%
Kawhi Leonard
Indiana Pacers
95.7%
Joel Embiid
Philadelphia 76ers
95.7%
Jimmy Butler
Chicago Bulls
95.7%
Karl-
Anthony Towns
Minnesota Timberwolves
95.7%
Kyrie Irving
Cleveland Cavaliers
95.7%
Damian Lillard
Portland Trailblazers
93.5%
Draymond Green
Golden State Warriors
93.5%
Blake Griffin
Los Angeles Clippers
93.5%
Kemba Walker
Charlotte Hornets
93.5%
Bradley Beal
Washington Wizards
93.5%
Pascal Siakam
Toronto Raptors
93.5%
DeMar DeRozan
Toronto Raptors
93.5%
De'Aaron Fox
Sacramento Kings
93.5%
Devin Booker
Phoenix Suns
93.5%
Jayson Tatum
Boston Celtics
93.5%
Arndre Drummond
Detroit Pistons
93.5%
Steven Adams
Oklahoma City Thunder
93.5%
Ben Simmons
Philadelphia 76ers
91.3%
Mike Conley
Memphis Grizzlies
91.3%
Kristaps Porzingis
New York Knicks
91.3%
Jamal Murray
Denver Nuggets
91.3%
Al Horford
Atlanta Hawks
89.1%
Chris Paul
New Orleans Pelicans
89.1%
Jrue Holiday
Philadelphia 76ers
89.1%
Luka Doncic
Atlanta Hawks
89.1%
C.J McCollum
Portland Trailblazers
89.1%
De'Angelo Russell
Los Angeles Lakers
89.1%
Hint
Answer
% Correct
John Collins
Atlanta Hawks
89.1%
Clint Capela
Rockets
89.1%
Klay Thompson
Golden State Warriors
89.1%
Aaron Gordon
Orlando Magic
89.1%
Victor Oladipo
Orlando Magic
87%
Myles Turner
Indiana Pacers
87%
Gary Harris
Denver Nuggets
87%
Otto Porter
Washington Wizards
87%
Gordon Hayward
Utah Jazz
87%
Malcom Brogdon
Milwaukee Bucks
87%
Trae Young
Dallas Mavericks
87%
Brook Lopez
Brooklyn Nets
87%
Jaylen Brown
Boston Celtics
87%
Marcus Smart
Boston Celtics
87%
Brandon Ingram
Los Angeles Lakers
87%
Bam Adebayo
Miami Heat
87%
Mark Gasol
Los Angeles Lakers
84.8%
Jaren Jackson Jr./
jackson
Memphis Grizzlies
84.8%
Jeff Teague
Atlanta Hawks
84.8%
Jonas Valanciunas
Toronto Raptors
84.8%
Zach Lavine
Minnesota Timberwolves
84.8%
Dejounte Murray
San Antonio Spurs
84.8%
Jarret Allen
Brooklyn Nets
84.8%
DeAndre Jordan
Los Angeles Clippers
84.8%
Josh Richardson
Miami Heat
82.6%
Julius Randle
Los Angeles Lakers
82.6%
Terrance Ross
Toronto Raptors
82.6%
Russell Westbrook
Seattle Supersonics
80.4%
Rudy Gobert
Denver Nuggets
80.4%
Harrison Barnes
Golden State Warriors
80.4%
Ricky Rubio
Minnesota Timberwolves
80.4%
Andre Iguodala
Philadelphia 76ers
80.4%
Derrick White
San Antonio Spurs
80.4%
Donovan Mitchell
Denver Nuggets
78.3%
Hint
Answer
% Correct
Buddy Hield
New Orleans Pelicans
78.3%
Serge Ibaka
Oklahoma City Thunder
78.3%
Andrew Wiggins
Cleveland Cavaliers
78.3%
Kyle Lowry
Memphis Grizzlies
76.1%
Paul Millsap
Utah Jazz
71.7%
Danilo Gallinari
New York Knicks
69.6%
JJ Redick
Orlando Magic
69.6%
Domantas Sabonis
Orlando Magic
67.4%
Montrezl Harrell
Houston Rockets
65.2%
Khris Middleton
Detroit Pistons
63%
LaMarcus Aldridge
Chicago Bulls
60.9%
Eric Gordon
Los Angeles Clippers
60.9%
Lauri Markkanen
Minnesota Timberwolves
58.7%
Thaddeus Young
Philadelphia 76ers
54.3%
Lou Williams
Philadelphia 76ers
52.2%
Danny Green
Cleveland Cavaliers
52.2%
Nikola Vucevic
Philadelphia 76ers
50%
Spencer Dinwiddie
Detroit Pistons
47.8%
Kevin Love
Memphis Grizzlies
45.7%
Derrick Favors
Brooklyn Nets
45.7%
Kyle Kuzma
Brooklyn Nets
39.1%
Joe Harris
Cleveland Cavaliers
34.8%
Al-
Farouq Aminu
Los Angeles Clippers
30.4%
Caris Levert
Indiana Pacers
26.1%
Eric Bledsoe
Oklahoma City Thunder
21.7%
P.J Tucker
Toronto Raptors
21.7%
Joe Ingles
Undrafted
19.6%
Jusuf Nurkic
Chicago Bulls
19.6%
Robert Covington
Undrafted
17.4%
Tobias Harris
Charlotte Hornets
15.2%
Bojan Bogdanovic
Miami Heat
10.9%
Patrick Beverley
Los Angeles Lakers
10.9%
Quiz Playlist
Details
Report
Send in Message
Add To Playlist
Classic:
Type in answers that appear in a list
Forced Order:
Answers have to be entered in order
Last Updated: May 12, 2020
Quiz Scoreboard
CHALLENGE
Sign Up to Join the Scoreboard
Show All
Scores
Hide
Comments
May contain spoilers
Recently Published
Find the 'City' Movie
by crazypaving
Movies
60s
5x2 Blitz: Bands
by SL_Kpop136
Music
30s
Colored Red Africa Blitz
by spor1
Geography
30s
More to Explore
Quiz From the Vault
Featured Blog Post
14 Easter Pick-up Lines to Find Eggs With
hide this ad
You Might Also Like...
Tags
Basketball Quiz
NBA Quiz
100 Best
NBA Draft
NBA Player
NBA Teams
Today's Top Quizzes in Sports
Browse Sports
hide this ad
Today's Top Quizzes in NBA
Browse NBA
Top Contributed Quizzes in Sports
1
Les entraîneurs de l'OM et du PSG au 21e siècle
2
Les meilleurs buteurs des matchs entre le PSG et l’OM
3
Players with Multiple 50 Home Run Seasons
4
2022 World Cup Stars
5
Les joueurs passés par le PSG et l'OM
6
NBA Logic Puzzle 2.0
7
Criteria MLB: Left Handed Sluggers
8
MLB Players with Two .350 Batting Average Seasons
9
Top 10 NHL Goal Scorers of All Time
10
Who Hit More Homers?
Explore More
Trending Topics
Kpop
Anime
Disney
NBA
Crossword
Harry Potter
Marvel
Puzzle
The Office
NFL
Song
WWE
Soccer
Country
Pokémon
hide this ad
More By:
keaton_reinke
Quiz
Plays
Rating
Category
Featured
Created
NHL Cover Athletes
441
2.00
Sports
May 12, 2020
NBA Jersey Sales 2020
287
3.67
Sports
May 12, 2020
Juice Wrld Songs
222
Music
Dec 12, 2020
ESPN Top 100 High school Basketball Players c/o2020
101
1.00
Sports
May 11, 2020
Every Madden Cover Athlete Quiz
96
Sports
May 11, 2020
Go to Creator's Profile
Score Distribution
Quiz Creator Spotlight
keaton_reinke
Follow
Send a Message
Quizzes Created
-
Created Quiz Play Count
-
More By This Creator
Popular Quizzes Today
1
Colored Red Africa Blitz
2
Find the 'City' Movie
3
Find the US States - No Outlines Minefield
4
5x2 Blitz: Bands
5
The Countries of the World
6
Find the US States
7
Find the Countries of Europe - No Outlines Minefield
8
US States
More Sports Quizzes
NBA 2022 50 Point Games
Quiz Lab
Trending Quizzes
Colored Red Europe Blitz I
Colored Red Europe Blitz II
Colored Red Africa Blitz II
Colored Red Europe Blitz III
Colored Red Africa Blitz III
Recently Updated
How Do You Spell That?
pecheneg
Godzilla Movies
pecheneg
Grab Bag: 4-10 Letters
pecheneg
2024 March Madness Bracket
pecheneg
Famous TV Couples
Peacemaker
Champions League XIs: Real Madrid
pecheneg
Largest US Cities 1790-2010
pecheneg
Rides in Walt Disney World
pecheneg
Most Oscar Losses (Acting)
pecheneg
Beyoncé Albums
pecheneg
Trending Topics
Kpop
Harry Potter
Disney
Anime
NBA
Marvel
Crossword
Song
The Office
WWE
Country
Pokémon
Soccer
NFL
Puzzle
Your Account Isn't Verified!
In order to create a playlist on Sporcle, you need to verify the email address you used during registration. Go to your
Sporcle Settings
to finish the process.
Report this User
Report this user for behavior that violates our
Community Guidelines
.
Details:
Send Report
Go to the Sporcle.com Mobile Site →
Comments